000 00722nam a22002297a 4500
003 UA-OsUOA
001 115744
007 ta
008 20160118b un ||||| |||| 00| 0 ukr d
100 _aФурсова В.А.
700 _aДао М.Ш.
090 _a330(477)
_bФ95
942 _cSA
040 _aUA-OsUOA
_bukr
_cUA-OsUOA
_dUA-OsUOA
245 _aАктуальні проблеми впровадження управлінського обліку в комерційному банку
300 _aС.10-13
955 _a0
041 _aukr
080 _a330(477)
773 0 _w115741
_tЕкономіка. Фінанси. Право.
_dК.
_d2015
_g12
650 7 _a330 Економіка взагалі
_2UDC
999 _c401561
_d401561